000 00666nam a22001937a 4500
999 _c173574
_d173574
005 20200303105616.0
010 _aB-29424
020 _c175.00
_a8185360839
035 _aB-29424
037 _bBPPD/Pub.
082 _a821.08
100 _aنارنگ، گوپی چند
245 _aامیر خسرو کا ہندوی کلام /
_cگوپی چند نارنگ
246 _aAmir Khusrau Ka Hindavi Kalaam /
_bby Gopi Chand Kalaam
260 _aDelhi
_bEducational Publishing House
_c2000 ء
270 _a3108, Gali Azizuddin Vakil, Kucha Pandit, Lal Kuan
_bDelhi
_e110006
300 _a239p.
_c22cm(Hb)
942 _2ddc
_cUR
_h821.08
_mا م ی